Music Quiz

Random Music or Bands Quiz

Quick Pick: Led Zeppelin Songs Quiz Stats

 Plays Quiz not verified by Sporcle

Challenge
Share
Tweet
Embed
Score 0/20 Timer 01:30
0 Plays Today
% Correct
Confused
98.1%
Rock
98.1%
Stairway
97.7%
Love
97.3%
Mine
96.8%
Bring
96.4%
Black
96%
Song
96%
Hills
95.4%
Communication
95.4%
% Correct
California
94.7%
Levee
94.1%
Leave
93.5%
Achilles
93.5%
Mountain
92.6%
Years
92%
Houses
91.4%
Battle
89.9%
Days
89.2%
Time
88.2%

You're not logged in!

Compare scores with friends on all Sporcle quizzes.
Join for Free
OR
Log In

You Might Also Like...

Show Comments

Extras

Top Quizzes Today


Score Distribution

Your Account Isn't Verified!

In order to create a playlist on Sporcle, you need to verify the email address you used during registration. Go to your Sporcle Settings to finish the process.

Report this User

Report this user for behavior that violates our Community Guidelines.

Details: